Física electrónica

Salvato in:
Dettagli Bibliografici
Autore principale: Hemenway, Curtis L.
Altri autori: Henry, Richard W., Caulton, Martin
Natura: Libro
Lingua:Spanish
Pubblicazione: México : Editorial Limusa 1973
Soggetti:
Tags: Aggiungi Tag
Nessun Tag, puoi essere il primo ad aggiungerne!!

MARC

LEADER 00000nam a2200000Ia 4500
003 000339
005 20221231143939.0
008 140114s1973 mx a 000 ||spa d
040 |c cru CEDI 
082 |a 537.5 H488f 
100 |a Hemenway, Curtis L.  |9 19676 
245 |a Física electrónica  
260 |a México : Editorial Limusa  |c 1973 
300 |a 459 páginas ; ilustraciones 
650 |x FISICA ELECTRONICA  |9 19679 
700 |9 19677  |a Henry, Richard W. 
700 |9 19678  |a Caulton, Martin 
942 |2 ddc  |c BK 
999 |c 14633  |d 14633